LIBRARY & INFORMATION CENTRE, KCAET, TAVANUR

ONLINE PUBLIC ACCESS CATALOGUE (OPAC)

Integrated rural development programme in India: policy and administration / (Record no. 7347)

MARC details
000 -LEADER
fixed length control field 00501cam a2200181ua 4500
041 ## - LANGUAGE CODE
Language code of text/sound track or separate title eng
082 ## - DEWEY DECIMAL CLASSIFICATION NUMBER
Classification number 630.2
Item number SRI/IN
100 ## - MAIN ENTRY--AUTHOR NAME
Personal name Srivastava, A K .
245 ## - TITLE STATEMENT
Title Integrated rural development programme in India: policy and administration /
250 ## - EDITION STATEMENT
Edition statement 1 /
260 ## - PUBLICATION, DISTRIBUTION, ETC. (IMPRINT)
Place of publication Newdelhi :
Name of publisher Deep and deep publications ,
Year of publication 1986.
300 ## - PHYSICAL DESCRIPTION
Number of Pages 272 ; .
942 ## - ADDED ENTRY ELEMENTS (KOHA)
Koha item type Books
Holdings
Withdrawn status Lost status Damaged status Home library Current library Date acquired Full call number Accession Number Koha item type
      KAUAET KAUAET 25/03/1987 630.2 16076 Books
free website counter